[Event "Cup President"]
[Site "masterchessopen.com Al Ain (United Arab Emirates)"]
[Date "2010.06.26"]
[Round "6"]
[White "Saeed Ishaq (UAE)"]
[Black "Al-Kaabi Abdulla (UAE)"]
[Result "1-0"]
[WhiteElo "2224"]
[BlackElo "1904"]

1.d4 Nf6 2.c4 e6 3.Nc3 Bb4 4.Qc2 d5 5.a3 Bxc3+ 6.Qxc3 Ne4 7.Qc2 c5 8.cxd5 exd5
9.e3 Nc6 10.Bd3 Bf5 11.dxc5 Qg5 12.f3 Qh4+ 13.Kf1 Ng3+ 14.hxg3 Bxd3+ 15.Qxd3
Qxh1 16.b4 O-O 17.Bb2 Qh6 18.Ne2 Rad8 19.Kf2 Rfe8 20.Rd1 a6 21.Nf4 Rd7 22.Qb3
Ne7 23.Qd3 Qg5 24.g4 Red8 25.Rh1 d4 26.Rh5 dxe3+ 27.Qxe3 Rd2+ 28.Kg1 R8d3
29.Qe4 Rd1+ 30.Kh2 f5 31.Qe6+ {#r} 1-0

[Event "It (open)"]
[Site "masterchessopen.com Gdansk (Poland)"]
[Date "2010.07.19"]
[Round "4"]
[White "Czerw Dawid (POL)"]
[Black "Bugalski Michal (POL)"]
[Result "0-1"]
[WhiteElo "1723"]
[BlackElo "2240"]

1.d4 e6 2.c4 Nf6 3.Nc3 Bb4 4.Qc2 d5 5.a3 Bxc3+ 6.Qxc3 Ne4 7.Qc2 c5 8.cxd5 exd5
9.dxc5 Bf5 10.b4 O-O 11.Bb2 a5 12.Qb3 axb4 13.axb4 Rxa1+ 14.Bxa1 b6 15.cxb6
Qxb6 16.e3 Nc6 17.Nf3 Ra8 18.Bb2 Qxb4+ 19.Qxb4 Nxb4 20.Be2 Ra2 21.Bd4 Nc2+
22.Kf1 Nxd4 23.exd4 Ra1+ {#R} 0-1

[Event "It (open)"]
[Site "masterchessopen.com Brno (Czech Republic)"]
[Date "2010.08.22"]
[Round "1"]
[White "Benes Miroslav 78 (CZE)"]
[Black "Malinovsky Karel (CZE)"]
[Result "0-1"]
[WhiteElo "1950"]
[BlackElo "2339"]

1.c4 e6 2.d4 Nf6 3.Nc3 Bb4 4.Qc2 d5 5.a3 Bxc3+ 6.Qxc3 Ne4 7.Qc2 c5 8.Nf3 Nc6
9.dxc5 Qa5+ 10.Bd2 Nxd2 11.Qxd2 dxc4 12.Qxa5 Nxa5 13.e3 b5 14.cxb6 Bb7 15.bxa7
Bxf3 16.gxf3 Ke7 17.Rg1 Rxa7 18.Rxg7 Rb8 19.Rg4 Rxb2 20.Bxc4 Rd7 21.Rd1 Rxd1+
22.Kxd1 Rxf2 23.Be2 Rxh2 24.Rg5 Nc6 25.f4 Rh1+ 26.Kd2 Ra1 27.Bb5 Nd8 28.Rh5
Ra2+ 29.Ke1 Rxa3 30.Kf2 Ra5 31.Be2 Rxh5 32.Bxh5 Nb7 33.e4 Nd6 34.Ke3 f6 35.Kf3
e5 36.fxe5 fxe5 37.Ke3 Kf6 38.Be2 Kg5 39.Kf3 Kh4 40.Bd3 Nf7 {#R} 0-1

[Event "Tournament (masters) (w)"]
[Site "masterchessopen.com Jiangsu Wuxi (China)"]
[Date "2011.04.25"]
[Round "9"]
[White "Zhao Xue (CHN)"]
[Black "Hou Yifan (CHN)"]
[Result "0-1"]
[WhiteElo "2497"]
[BlackElo "2578"]

1.d4 e6 2.c4 Nf6 3.Nc3 Bb4 4.Qc2 d5 5.a3 Bxc3+ 6.Qxc3 Ne4 7.Qc2 c5 8.dxc5 Nc6
9.Nf3 Qa5+ 10.Bd2 Qxc5 11.e3 Nxd2 12.Qxd2 dxc4 13.Qc3 Qa5 14.Bxc4 Qxc3+
15.bxc3 Ke7 16.Ke2 b6 17.Bb5 Bb7 18.Bxc6 Bxc6 19.c4 Rac8 20.Nd2 b5 21.cxb5
Bxb5+ 22.Kf3 Rhd8 23.Nb3 Rc3 24.Na5 Ba4 25.Rhc1 Bc2 26.Kg3 Rd5 27.Ra2 Rg5+
28.Kf4 Rgc5 29.Rb2 g5+ 30.Kg3 Be4 31.Rxc3 Rxc3 32.a4 Bd5 33.h4 gxh4+ 34.Kh3 f5
35.Rb4 Rc5 36.Nb7 Rc4 37.Rxc4 Bxc4 38.Kxh4 Kd7 39.a5 Kc7 40.Nc5 Kc6 {#R} 0-1

[Event "Ch England (team) 2010/11 (3 div)"]
[Site "masterchessopen.com England"]
[Date "2011.05.01"]
[Round "10"]
[White "Lee Darren (ENG)"]
[Black "Grant David (SCO)"]
[Result "0-1"]
[WhiteElo "1897"]
[BlackElo "1863"]

1.d4 Nf6 2.c4 e6 3.Nc3 Bb4 4.Qc2 d5 5.a3 Bxc3+ 6.Qxc3 Ne4 7.Qc2 c5 8.dxc5 Nc6
9.cxd5 exd5 10.Nf3 Bf5 11.b4 O-O 12.Qb2 a5 13.b5 Nb8 14.Be3 Nd7 15.Rc1 Rc8
16.Nd4 Qf6 17.c6 bxc6 18.bxc6 Ne5 19.Qb5 Rfd8 20.c7 Rd7 21.Qb8 Rxc7 22.Qxc7
Rxc7 23.Rxc7 Nc4 24.Rc6 Qe5 25.f3 Nxe3 26.fxe4 Bd7 27.Ra6 h5 28.Nf3 Qc3+
29.Kf2 Ng4+ 30.Kg3 dxe4 {#R} 0-1

[Event "Zt"]
[Site "masterchessopen.com Sharjah (United Arab Emirates)"]
[Date "2011.07.12"]
[Round "9"]
[White "Nezad Husein Aziz (QAT)"]
[Black "Khouri Ibrahim Mohamed (UAE)"]
[Result "1-0"]
[WhiteElo "2414"]
[BlackElo "2224"]

1.d4 Nf6 2.c4 e6 3.Nc3 Bb4 4.Qc2 d5 5.a3 Bxc3+ 6.Qxc3 Ne4 7.Qc2 c5 8.dxc5 Nc6
9.cxd5 exd5 10.e3 Qa5+ 11.b4 Nxb4 12.axb4 Qxa1 13.Bb5+ Bd7 14.Bxd7+ Kxd7
15.Ne2 Rhd8 16.O-O Ke8 17.Bb2 Qa2 18.Nf4 a5 19.f3 Nf6 20.bxa5 Rxa5 21.Qc3 Rb5
22.Qe5+ Kf8 23.Bd4 Rb1 24.h4 Rxf1+ 25.Kxf1 Ra8 26.Kg1 Qd2 27.Kh2 Re8 28.Qd6+
Kg8 29.Bxf6 Qxe3 30.Nxd5 Qe6 31.Nc7 Qe2 32.Nd5 Qe3 33.Bxg7 Kxg7 {#r} 1-0

[Event "Ch USA (cadets)"]
[Site "masterchessopen.com Crossville (USA)"]
[Date "2011.07.13"]
[Round "4"]
[White "Brown Michael William (USA)"]
[Black "Bodek Michael H (USA)"]
[Result "0-1"]
[WhiteElo "2169"]
[BlackElo "2236"]

1.d4 Nf6 2.c4 e6 3.Nc3 Bb4 4.Qc2 d5 5.a3 Bxc3+ 6.Qxc3 Ne4 7.Qc2 c5 8.dxc5 Nc6
9.cxd5 exd5 10.Nf3 Bf5 11.b4 O-O 12.Bb2 d4 13.Qc4 Re8 14.Rd1 Bg4 15.Bxd4 Nxd4
16.Qxd4 Qe7 17.Qe3 Rad8 18.Nd2 Qd7 19.Qb3 Nxd2 20.Qc2 Bxe2 {#R} 0-1

[Event "It (open)"]
[Site "masterchessopen.com Skopje (Macedonia)"]
[Date "2011.10.27"]
[Round "4"]
[White "Miron Lucian-Costin (ROM)"]
[Black "Colovic Aleksandar (MKD)"]
[Result "1-0"]
[WhiteElo "2514"]
[BlackElo "2451"]

1.d4 Nf6 2.c4 e6 3.Nc3 Bb4 4.Qc2 d5 5.a3 Bxc3+ 6.Qxc3 Ne4 7.Qc2 c5 8.dxc5 Nc6
9.cxd5 exd5 10.Nf3 O-O 11.b4 b6 12.cxb6 Qxb6 13.Be3 Qb7 14.Rc1 Bd7 15.Nd2 Rac8
16.Nxe4 Nxb4 17.Qd2 Rxc1+ 18.Qxc1 dxe4 19.axb4 Rc8 20.Qd2 Ba4 21.f3 h6 22.Qd4
Bb3 23.Qxe4 Bd5 24.Qd4 Rc4 25.Qxa7 Qxb4+ 26.Kf2 Rc2 27.Qd4 Bc4 28.h4 Qb5
29.Qd1 Rb2 30.h5 Rb1 31.Qd8+ Kh7 32.Rh4 Rb2 33.Qd1 f5 34.Rd4 Bb3 35.Qd3 Qa5
36.Bd2 Qe5 37.Bf4 Qc5 38.Be3 Bc2 39.Rc4 Qb5 40.Qc3 Bd1 41.Rc7 {#r} 1-0

[Event "Ch Brazil"]
[Site "masterchessopen.com Campinas (Brazil)"]
[Date "2011.12.16"]
[Round "7"]
[White "Leitao Rafael (BRA)"]
[Black "Mekhitarian Krikor Sevag (BRA)"]
[Result "1-0"]
[WhiteElo "2626"]
[BlackElo "2487"]

1.d4 Nf6 2.c4 e6 3.Nc3 Bb4 4.Qc2 d5 5.a3 Bxc3+ 6.Qxc3 Ne4 7.Qc2 c5 8.dxc5 Nc6
9.Nf3 Qa5+ 10.Bd2 Qxc5 11.e3 Nxd2 12.Nxd2 dxc4 13.Bxc4 O-O 14.b4 Qe7 15.O-O
Bd7 16.Qb2 Rac8 17.Rac1 Rfd8 18.Be2 Be8 19.Nb3 Nb8 20.h3 Bc6 21.Nd4 Bd5
22.Rxc8 Rxc8 23.Rc1 Rxc1+ 24.Qxc1 Qd8 25.Qc5 b6 26.Qc2 g6 27.Bf3 Bxf3 28.Nxf3
Qd6 29.Qc8+ Kg7 30.Ng5 h6 31.Qh8+ Kxh8 32.Nxf7+ Kg7 33.Nxd6 a6 34.Kf1 Kf6
35.Ke2 e5 36.Kd3 Ke6 37.Ne4 Nd7 38.a4 Kd5 39.Nc3+ Kc6 40.Kc4 b5+ 41.axb5+
axb5+ 42.Kd3 Nf6 43.f4 exf4 44.exf4 Ne8 45.Kd4 Nd6 46.Ke5 g5 47.fxg5 Nf7+
48.Kf6 Nxg5 49.h4 {#r} 1-0

[Event "It (open)"]
[Site "masterchessopen.com Balaguer (Spain)"]
[Date "2012.07.21"]
[Round "6"]
[White "Juan Bartroli Pau (ESP)"]
[Black "Roeder Mathias (GER)"]
[Result "0-1"]
[WhiteElo "2000"]
[BlackElo "2434"]

1.d4 Nf6 2.c4 e6 3.Nc3 Bb4 4.Qc2 d5 5.a3 Bxc3+ 6.Qxc3 Ne4 7.Qc2 c5 8.dxc5 Nc6
9.cxd5 exd5 10.Nf3 Bf5 11.b4 O-O 12.Bb2 Ng3 13.Qc3 d4 14.Nxd4 Nxd4 15.fxg3
Nc2+ 16.Kf2 Qg5 17.Rc1 Qg6 18.g4 Be4 19.h4 f6 20.Rh3 Rad8 21.h5 Qxg4 22.Qc4+
Kh8 23.Rxc2 Rd1 24.Rf3 Rfd8 25.h6 Bxf3 26.hxg7+ Kxg7 27.exf3 R8d2+ 28.Rxd2
Rxd2+ 29.Ke3 Qxc4 30.Bxc4 Rxb2 31.g4 Kf8 32.Bd5 b5 33.c6 Ke7 34.Kf4 Rd2 35.Be4
Ra2 36.a4 a5 37.bxa5 bxa4 38.c7 Kd7 39.c8=Q+ Kxc8 40.Bc6 Kc7 41.Bb5 Ra3 42.Ke4
Rb3 43.Be8 Rb8 44.Bf7 Rb4+ 45.Kf5 Rb5+ 46.Kxf6 Rxa5 {#R} 0-1

[Event "It \"]
[Site "masterchessopen.com Vancouver (USA)"]
[Date "2012.08.06"]
[Round "3"]
[White "Dixon Dakota E (USA)"]
[Black "Breckenridge S"]
[Result "0-1"]
[WhiteElo "2070"]
[BlackElo "2286"]

1.d4 Nf6 2.c4 e6 3.Nc3 Bb4 4.Qc2 d5 5.a3 Bxc3+ 6.Qxc3 Ne4 7.Qc2 c5 8.dxc5 Nc6
9.Nf3 Qa5+ 10.Bd2 Qxc5 11.e3 Nxd2 12.Qxd2 dxc4 13.Qc3 Qa5 14.Bxc4 Qxc3+
15.bxc3 Bd7 16.Bb5 Rc8 17.Ke2 a6 18.Bxc6 Bxc6 19.Rhc1 Bd5 20.Ne1 Ke7 21.Rab1
Rhd8 22.Rb2 Rc5 23.f3 f5 24.g3 Rd7 25.Rbc2 Bc4+ 26.Kf2 Rdc7 27.Rb2 Bb5 28.Rbc2
Ba4 29.Rb2 b5 30.Nd3 Rxc3 31.Rxc3 Rxc3 32.Nb4 a5 33.Na2 Rxa3 34.Nc1 Rc3 35.Ne2
Rc2 36.Rxc2 Bxc2 37.Nd4 Ba4 38.Ke1 b4 39.Kd2 Bd7 40.Nb3 a4 41.Na5 Bb5 42.e4
fxe4 43.fxe4 Kd6 44.Nb7+ Kc6 45.Nd8+ Kd7 46.Nf7 Ke7 47.Ng5 a3 48.Kc2 Bd3+ {#R}
0-1